| 000 | 00546nam a2200181Ia 4500 | ||
|---|---|---|---|
| 008 | 100920s9999 xx 000 0 und d | ||
| 082 |
_b84044 _a491.462 न 02 |
||
| 100 | _aभडकमकर अभिराम. | ||
| 245 | _aदेहभान. | ||
| 260 |
_bकाँन्टिनेन्टल प्रकाशन, पुणे.30. _c2002 |
||
| 300 |
_a73 _bसाधी |
||
| 365 | _b50 | ||
| 520 | _aनाटक. | ||
| 630 | _aदेहभान. | ||
| 650 | _aनाटक. | ||
| 730 | _aदेहभान. | ||
| 942 | _cBOOK | ||
| 999 |
_c724637 _d724634 |
||